Pays des vainqueurs du Paris-Roubaix - Statistiques

Statistiques générales
  • Ce quiz a été pris 80 fois
  • Le résultat moyen est 9 sur 12
Statistiques - réponses
Nombre de victoires Pays % Correct
28 France
100%
57 Belgique
98%
14 Italie
97%
10 Pays-bas
92%
2 Allemagne
87%
4 Suisse
85%
1 Luxembourg
74%
2 Australie
62%
2 Irlande
61%
1 Suède
57%
1 Slovaquie
51%
1 Moldavie
13%
Aucun quiz correspondant
Distribution des résultats
% des personnes avec chaque résultat
Percentile par nombre de réponses
Votre historique - résultats
Vous n’avez pas pris ce quiz